000 00485nam a2200145Ia 4500
008 231129s2012||||xx |||||||||||||| ||spa||
020 _a978-958-9177-71-6
040 _bspa
082 _a792.09861 C268a
100 _aCardona Garzón Mario
245 0 _aAportes pedagógicos didácticos y currí­culares del maestro Enrique Buenaventura a la enseñanza teatral en Colombia
260 _c2012
264 _aMinisterio de Cultura
942 _2ddc
_cBKS
999 _c5432
_d5432